[Event "EU-ch U12"]
[Site "Bratislava"]
[Date "2019.08.06"]
[Round "5"]
[White "Sokolovskis, Pavels"]
[Black "Cherneyko, Ivan"]
[Result "0-1"]
[WhiteElo "1473"]
[BlackElo "1743"]
[PlyCount "98"]
[EventDate "2019.08.02"]
[EventType "swiss"]
[EventRounds "9"]
[EventCountry "SVK"]
[SourceTitle "EXT 2020"]
[Source "ChessBase"]
[SourceDate "2019.10.17"]
[SourceVersion "1"]
[SourceVersionDate "2019.10.17"]
[SourceQuality "1"]

1. d4 Nf6 2. Bf4 g6 3. e3 Bg7 4. Nf3 d6 5. Bd3 0-0 6. 0-0 Nd5 7. Bg3 c5 8. c3 cxd4 9. cxd4 Nb4 10. Be2 b6 11. Nc3 Bb7 12. Rc1 Nd7 13. Qb3 Nc6 14. Rfd1 a6 15. Qa3 b5 16. Nb1 Nb6 17. Nbd2 h6 18. Qb3 Rc8 19. a3 Qd7 20. Bd3 Kh8 21. Qa2 g5 22. Bc2 Na5 23. Nb3 Bd5 24. e4 Rxc2 25. exd5 Rxc1 26. Rxc1 Nac4 27. Nbd2 Rc8 28. b3 Nxd2 29. Qxd2 Nxd5 30. Rc2 f5 31. h4 Rxc2 32. Qxc2 g4 33. Nd2 Bxd4 34. Qd3 e5 35. a4 f4 36. Qg6 fxg3 37. Qxh6+ Kg8 38. Qg6+ Kf8 39. Qh6+ Qg7 40. Qxd6+ Ne7 41. Ne4 gxf2+ 42. Kf1 Qg6 43. Qd8+ Qe8 44. Qd6 Qc6 45. Qd8+ Kf7 46. Ng5+ Kg6 47. h5+ Kxh5 48. Qh8+ Kxg5 49. Qg7+ Ng6 0-1

[Event "EU-ch U12"]
[Site "Bratislava"]
[Date "2019.08.04"]
[Round "3"]
[White "Cherneyko, Ivan"]
[Black "Meers, Hubert"]
[Result "0-1"]
[WhiteElo "1743"]
[BlackElo "1999"]
[PlyCount "38"]
[EventDate "2019.08.02"]
[EventType "swiss"]
[EventRounds "9"]
[EventCountry "SVK"]
[SourceTitle "EXT 2020"]
[Source "ChessBase"]
[SourceDate "2019.10.17"]
[SourceVersion "1"]
[SourceVersionDate "2019.10.17"]
[SourceQuality "1"]

1. d4 Nf6 2. c4 g6 3. Nc3 Bg7 4. e4 d6 5. Nf3 0-0 6. Be2 e5 7. 0-0 exd4 8. Nxd4 Re8 9. f3 c6 10. Bg5 Qb6 11. Na4 Qa5 12. Bd2 Qc7 13. Be1 Nh5 14. Qd2 d5 15. cxd5 Nf4 16. Bf2 cxd5 17. Nb5 Qe5 18. Bd4 Qg5 19. Qxf4 Bxd4+ 0-1

[Event "Chigorin Memorial 26th"]
[Site "St Petersburg"]
[Date "2018.11.01"]
[Round "6"]
[White "Cherneyko, Ivan"]
[Black "Ponomarev, Denis1"]
[Result "1-0"]
[WhiteElo "1628"]
[BlackElo "1879"]
[PlyCount "115"]
[EventDate "2018.10.27"]
[EventType "swiss"]
[EventRounds "9"]
[EventCountry "RUS"]
[SourceTitle "CBM 187 Extra"]
[Source "ChessBase"]
[SourceDate "2018.11.04"]
[SourceVersion "1"]
[SourceVersionDate "2018.11.04"]
[SourceQuality "1"]

1. d4 g6 2. c4 Bg7 3. Nc3 d6 4. e4 Nd7 5. Nf3 e6 6. Be2 b6 7. 0-0 Bb7 8. d5 e5 9. Qc2 Ne7 10. Rb1 0-0 11. b4 h6 12. Na4 f5 13. c5 Nf6 14. exf5 gxf5 15. c6 Bc8 16. Nc3 Kh8 17. Qb3 a6 18. Bb2 f4 19. Rbd1 Qe8 20. b5 a5 21. a4 Nf5 22. Bd3 Qh5 23. Ne4 Rg8 24. Rfe1 Nxe4 25. Bxe4 Bf6 26. Kf1 Nh4 27. Nxh4 Qxh4 28. Ke2 Bg4+ 29. Bf3 e4 30. Bxf6+ Qxf6 31. Bxg4 Rxg4 32. g3 Rf8 33. Rf1 f3+ 34. Kd2 e3+ 35. fxe3 Rb4 36. Qa3 Rb2+ 37. Kd3 Qg6+ 38. Kc4 Qc2+ 39. Qc3+ Qxc3+ 40. Kxc3 Rxh2 41. Rd4 Re2 42. Kd3 Ra2 43. Rf4 Ra3+ 44. Kd2 Rxf4 45. gxf4 Rxa4 46. Rxf3 Rb4 47. Rg3 Rxb5 48. e4 Rb2+ 49. Kc3 Rf2 50. Rg4 Rf3+ 51. Kd4 a4 52. e5 dxe5+ 53. fxe5 a3 54. d6 a2 55. Rg1 Rg3 56. Ra1 Ra3 57. d7 Ra8 58. Rxa2 1-0

[Event "Chigorin Memorial 26th"]
[Site "St Petersburg"]
[Date "2018.10.31"]
[Round "5"]
[White "Grishaev, Igor"]
[Black "Cherneyko, Ivan"]
[Result "1-0"]
[WhiteElo "1893"]
[BlackElo "1628"]
[PlyCount "73"]
[EventDate "2018.10.27"]
[EventType "swiss"]
[EventRounds "9"]
[EventCountry "RUS"]
[SourceTitle "CBM 187 Extra"]
[Source "ChessBase"]
[SourceDate "2018.11.04"]
[SourceVersion "1"]
[SourceVersionDate "2018.11.04"]
[SourceQuality "1"]

1. d4 Nf6 2. c4 e6 3. Nf3 b6 4. Nc3 Ba6 5. e3 Bb7 6. Bd3 Bb4 7. 0-0 0-0 8. Ne2 Be7 9. Ng3 d5 10. Bd2 Na6 11. Bc3 Ne4 12. Bxe4 dxe4 13. Nd2 f5 14. f3 Bg5 15. Qe2 Bxe3+ 16. Qxe3 f4 17. Qe1 fxg3 18. Qxg3 exf3 19. d5 Qe7 20. Nxf3 Rf5 21. Rae1 Nc5 22. b4 Na4 23. Rxe6 Qf7 24. Ba1 Rf8 25. Rfe1 g5 26. Re7 Qg6 27. Qxc7 R5f7 28. Qxb7 g4 29. Rxf7 Rxf7 30. Re8+ Rf8 31. Rxf8+ Kxf8 32. Qb8+ Ke7 33. Qe5+ Kd7 34. Nd2 Qd3 35. Qe6+ Kd8 36. Bf6+ Kc7 37. Qc6+ 1-0

[Event "Chigorin Memorial 26th"]
[Site "St Petersburg"]
[Date "2018.10.27"]
[Round "1"]
[White "Sinitsina, Anastassia"]
[Black "Cherneyko, Ivan"]
[Result "1-0"]
[WhiteElo "2130"]
[BlackElo "1628"]
[PlyCount "59"]
[EventDate "2018.10.27"]
[EventType "swiss"]
[EventRounds "9"]
[EventCountry "RUS"]
[SourceTitle "CBM 187 Extra"]
[Source "ChessBase"]
[SourceDate "2018.11.04"]
[SourceVersion "1"]
[SourceVersionDate "2018.11.04"]
[SourceQuality "1"]

1. e4 c5 2. Nf3 d6 3. d4 cxd4 4. Nxd4 Nf6 5. f3 a6 6. c4 Nc6 7. Nc3 e5 8. Nb3 Be7 9. Be3 Be6 10. Be2 0-0 11. 0-0 Rc8 12. Qd2 Qd7 13. Rfd1 Rfd8 14. Rac1 Qc7 15. Qe1 Qb8 16. Nd5 b5 17. cxb5 axb5 18. Rxc6 Bxd5 19. Rxc8 Rxc8 20. exd5 Rc2 21. Rd2 Rc7 22. Qd1 h6 23. Bf1 b4 24. Qe2 Qa8 25. Qa6 Qb8 26. Na5 e4 27. f4 Ng4 28. Bb6 Rc1 29. Nc6 Qe8 30. Qc8 1-0